Shanti Membalas Budi

Bibliographic Details
Main Author: Zambri Zakaria
Format: Book
Published: Taman Melaka Raya : Pustaka Ilham , 2002
Series:Siri Amalan Nilai Murni
Subjects:

MARC

LEADER 00000cam a2200000 7i4500
001 0000048335
005 20150613.0
008 150613
020 |a 97898381712 
020 |a 9838981710 
090 0 0 |a PR   |b MAL 
100 1 |a Zambri Zakaria 
245 1 0 |a Shanti Membalas Budi   |c Zambri Zakaria 
260 |a Taman Melaka Raya :   |b Pustaka Ilham ,   |c 2002 
300 |a 22pg. :   |b col.ill 
490 1 |a Siri Amalan Nilai Murni 
650 0 |a Malay Fiction 
999 |a 0000921620   |b Book   |c Children Collection   |e Cawangan Bukit Gambir 
999 |a 0000928249   |b Book   |c Children Collection   |e Cawangan Tangkak 
999 |a 0000928250   |b Book   |c Children Collection   |e Cawangan Tangkak